Géographie par images en S - Statistiques

Statistiques générales
  • Ce quiz a été pris 682 fois
  • Le résultat moyen est 19 sur 25
Statistiques - réponses
Par images Hint Réponse % Correct
un des monuments les plus célèbres des États-Unis la Statue de la Liberté
98%
pays la Suisse
98%
fleuve français la Seine
97%
ville australienne Sydney
97%
ville des Etats-Unis San Francisco
95%
canal situé en Egypte : canal de ... Suez
92%
pays Somalie
89%
île méditerranéenne la Sicile
88%
pays le Sénégal
88%
pays la Syrie
87%
île méditérranéenne la Sardaigne
85%
ville de l'Est de la France Strasbourg
81%
micro-État européen Saint-Marin
78%
région russe la Sibérie
77%
archipel les Seychelles
76%
ville chinoise Shanghai
76%
cité-Etat asiatique Singapour
76%
département français la Savoie
73%
ville russe Saint-Pétersbourg
69%
ville des Etats-Unis Seattle
65%
département français la Somme
57%
golfe à l'est du Canada : golfe du ... Saint-Laurent
39%
ville vendéenne les Sables d'Olonne
36%
archipel français Saint-Pierre-et-Miquelon
34%
rivière allemande et tchèque la Sprée
5%
Aucun quiz correspondant
Distribution des résultats
% des personnes avec chaque résultat
Percentile par nombre de réponses
Votre historique - résultats
Vous n’avez pas pris ce quiz